Learning lesson study course (Record no. 26232)

MARC details
000 -LEADER
fixed length control field 00517nam a22001817a 4500
003 - CONTROL NUMBER IDENTIFIER
control field OSt
005 - DATE AND TIME OF LATEST TRANSACTION
control field 20260703163340.0
008 - FIXED-LENGTH DATA ELEMENTS--GENERAL INFORMATION
fixed length control field 260703b |||||||| |||| 00| 0 eng d
020 ## - INTERNATIONAL STANDARD BOOK NUMBER
International Standard Book Number 978-1-61003-042-7
040 ## - CATALOGING SOURCE
Transcribing agency Chuka University Library
050 ## - LIBRARY OF CONGRESS CALL NUMBER
Classification number LB 1029 .L43 2012
100 ## - MAIN ENTRY--PERSONAL NAME
Personal name A professional development course
9 (RLIN) 33223
245 ## - TITLE STATEMENT
Title Learning lesson study course
Remainder of title Facilitator`s manual
300 ## - PHYSICAL DESCRIPTION
Extent 393pgs
650 ## - SUBJECT ADDED ENTRY--TOPICAL TERM
Topical term or geographic name entry element Lesson study
9 (RLIN) 33224
650 ## - SUBJECT ADDED ENTRY--TOPICAL TERM
Topical term or geographic name entry element Teaching methodology
9 (RLIN) 30603
942 ## - ADDED ENTRY ELEMENTS (KOHA)
Source of classification or shelving scheme Library of Congress Classification
Koha item type Long Loan Books
Suppress in OPAC No
Holdings
Withdrawn status Lost status Source of classification or shelving scheme Damaged status Not for loan Collection Home library Current library Date acquired Total Checkouts Full call number Barcode Date last seen Price effective from Koha item type
    Library of Congress Classification     General Collection Books Main Campus Library Main Campus Library 03/07/2026   LB 1029 .L43 2012 37386/2026 03/07/2026 03/07/2026 Long Loan Books

Powered by Koha